| 000 | 00448nam a2200133Ia 4500 | ||
|---|---|---|---|
| 008 | 171212s9999 xx 000 0 und d | ||
| 020 | _a9781925021790 | ||
| 100 | _aGrossi, Renata | ||
| 245 |
_cGrossi, Renata _aLooking for Love in the Legal Discourse of Marriage |
||
| 260 |
_bANU E Press _c2014 |
||
| 650 | _aLaw | ||
| 650 | _aMarriage; Love; Marriage law; Husband and wife; Same-sex marriage | ||
| 856 | _uhttp://www.jstor.org/stable/j.ctt13www3x | ||
| 999 |
_c351191 _d351191 |
||